| 000 -ლიდერი |
| ფიქსირებული სიგრძის საკონტროლო ველი |
01398nam a2200253Ia 4500 |
| 001 - საკონტროლო ნომერი |
| საკონტროლო ველი |
20030 |
| 003 - საკონტროლო ნომრის იდენტიფიკატორი |
| საკონტროლო ველი |
GE_BSU |
| 005 - ბოლო ოპერაციის თარიღი და დრო |
| საკონტროლო ველი |
20250414181457.0 |
| 008 - ფიქსირებული სიგრძის მონაცემთა ელემენტები - ზოგადი ინფორმაცია |
| ფიქსირებული სიგრძის საკონტროლო ველი |
181216s2013||||ge |||||||||||||| ||geo|| |
| 020 ## - წიგნის საერთაშორისო სტანდარტული ნომერი |
| International Standard Book Number |
9789941162930 |
| 040 ## - კატალოგიზაციის წყარო |
| Transcribing agency |
GE_BSU |
| 041 ## - ენის კოდი |
| Language code of text/sound track or separate title |
geo |
| 080 ## - უნივერსალური ათობითი კლასიფიკაციის ინდექსი |
| Universal Decimal Classification number |
821.353.1.09 ნ–63 |
| 100 ## - მთავარი ჩანაწერი - პიროვნების სახელი |
| Personal name |
ნიკოლეიშვილი, ავთანდილ |
| 9 (RLIN) |
296 |
| 245 ## - ცნობა სათაურის შესახებ |
| Title |
ქართული ლიტერატურა : [ქართველ მწერალთა ცხოვრება და შემოქმედება] : |
| Remainder of title |
ტ. 4, მეოცე საუკუნე, ნაწ. 2 / |
| Statement of responsibility, etc |
ავთანდილ ნიკოლეიშვილი ; რედაქტორი ბეგო ბეჟუაშვილი. |
| 264 ## - წარმოების, გამოცემის, დისტრიბუციის და სხვა ცნობები |
| გამოცემის, წარმოების, დისტრიბუციის... ადგილი |
თბილისი : |
| გამოცემის, წარმოების, დისტრიბუციის... სახელწოდება |
საქართველოს მაცნე, |
| გამოცემის, წარმოების, დისტრიბუციის... თარიღი |
[2013]. |
| 300 ## - ფიზიკური აღწერა |
| Extent |
478 გვ. |
| Dimensions |
25 სმ. |
| 500 ## - ზოგადი შენიშვნა |
| General note |
გარეკანზე ავტორი აღნიშნული არ არის |
| 653 ## - INDEX TERM--UNCONTROLLED |
| Uncontrolled term |
ქართველი მწერლების შემოქმედება |
| 653 ## - INDEX TERM--UNCONTROLLED |
| Uncontrolled term |
ძველი ქართული ლიტერატურის ისტორია და კრიტიკა |
| 700 ## - ADDED ENTRY--PERSONAL NAME |
| Personal name |
ბეჟუაშვილი, ბეგო |
| Relator term |
რედაქტორი |
| 9 (RLIN) |
19787 |
| 942 ## - ADDED ENTRY ELEMENTS (KOHA) |
| Koha item type |
წიგნი |
| Source of classification or shelving scheme |
|